| 000 | 00612nam a2200229 a 4500 | ||
|---|---|---|---|
| 999 |
_c3421 _d3421 |
||
| 001 | 3421 | ||
| 003 | BD-JhCC | ||
| 005 | 20171113190524.0 | ||
| 008 | 500101s1958 enk d 000 0 eng d | ||
| 035 | _a(BD-JhCC)3421 | ||
| 040 |
_dBD-JhCC _aBD-JhCC |
||
| 041 | _aeng | ||
| 082 |
_a780.3 _bJAC 1958 |
||
| 100 | 1 | _aJacobs, Arthur. | |
| 245 | 1 | 2 |
_aA new dictionary of music / _cby Arthur Jacobs. |
| 260 |
_aHarmondsworth, Middlesex : _bPenguin Books, _cc 1958 |
||
| 300 |
_a416 p. : _c18 cm. |
||
| 490 | 1 |
_aPenguin reference books ; _vR 12 |
|
| 650 | 0 |
_aMusic _vDictionaries |
|
| 942 |
_2ddc _cBK |
||